000 01026nam a2200241Ia 4500
003 Ost
005 20260507075354.0
008 260507s9999||||xx |||||||||||||| ||und||
020 _a188009995797
040 _cfsecg
041 _aara
082 _a330
100 _aلطفي، بشر محمد موفق
_eمؤلف
245 0 _aالتخطيط الإقتصادي من منظور إسلامي /
_c بشر محمد موفق لطفي
260 _aعمان:
_bدار النفائس للنشر والتوزيع,
_c2012
300 _a288 صفحة؛
_bإيضاحات ؛
_c24 سم
504 _aالمراجع ص.247
520 _aالتخطيط الإقتصادي مفهومه ومشروعيته- أهداف التخطيط الإقتصادي الإسلامي ومجالاته- ضوابط التخطيط الإقتصادي الإسلامي وبعض الأساسيات فيه
653 _aالإقتصاد
653 _aالإقتصاد الإسلامي
653 _aالتخطيط الإقتصادي
942 _cكتاب
999 _c44176
_d44176